Le Cid : le monologue de Don Diègue - Statistiques

Statistiques générales
  • Ce quiz a été pris 185 fois
  • Le résultat moyen est 11 sur 15
Statistiques - réponses
Question Réponse % Correct
Ô rage ! Ô désespoir ! Ô vieillesse... Ennemie !
100%
N’ai-je donc tant vécu que pour cette infamie ? Et ne suis-je blanchi dans les travaux guerriers Que pour voir en un jour flétrir tant... De lauriers ?
89%
Qui tant de fois à sauvé cet empire, Tant de fois affermi le trône de son roi, Trahit donc... Ma querelle,
89%
Le comte, Et mourir sans vengeance, ou vivre dans la honte ?... Comte,
81%
Mon bras, qu’avec respect toute l’Espagne admire,... Mon bras,
81%
Petit bonus : quels sont les noms du couple de personnages de cette pièce de théâtre ? Rodrigue et Chimène
81%
Mais d’un corps tout de glace inutile ornement, Fer, jadis tant à... Craindre,
78%
Et ne fait rien pour moi ? Ô cruel souvenir de ma gloire... Passée !
78%
Fatale à mon bonheur ! Précipice élevé d’où tombe mon honneur ! Faut-il de votre éclat voir... Triompher
78%
Et qui, dans cette offense, M’a servi de... Parade, et non pas de défense,
74%
Sois de mon prince à présent gouverneur : Ce haut rang n’admet point un homme sans honneur ; Et ton jaloux orgueil, par cet affront... Insigne,
67%
Malgré le choix du roi, m’en a su rendre indigne. Et toi, de mes exploits... Glorieux instrument,
63%
Œuvre de tant de jours en un jour effacée ! Nouvelle... Dignité,
56%
Passe, pour me venger,... En de meilleures mains.
52%
Va, quitte désormais... Le dernier des humains,
48%
Aucun quiz correspondant
Distribution des résultats
% des personnes avec chaque résultat
Percentile par nombre de réponses
Votre historique - résultats
Vous n’avez pas pris ce quiz